000 01022nam a2200253 a 4500
001 000041961
005 20201002035844.0
008 131024s1997 xxuaf 001 0 spa d
020 _a0393045633
040 _aDO-SdBNP
_beng
_cBNPHU
082 _axxx
_bxxx
245 0 4 _aThe library of congress. :
_bthe art and architecture of the Thomas Jefferson Building /
_cedited, John Y. Cole, Henry Hope Reed; preface, Arthur Ross; foreword, James H. Billington; introductions, Daniel J. Boorstin, Brendan Gill; photography, Anne Day.
260 _aNew York, Estados Unidos, :
_bNorton,
_c1997.
300 _a320 p. :
_bil., lam. ;
_c31 cm.
500 _aIn association with the library of congress
504 _aBibliography p: 304-305
700 1 _aDay, Anne
_ephot.
_968881
700 1 _aCole, John Y.
_eed.
_968882
700 1 _aHope Reed, Henry
_eed.
_968883
700 1 _aRoss, Arthur
_epre.
_968884
700 1 _aBillington, James H.
_efor.
_968885
700 1 _aBoorstin, Daniel J.
_968886
700 1 _aGill, Brendan
_968887
999 _c41450
_d41450